000 00584nam a2200205Ia 4500
003 OSt
005 20220926045004.0
006 a|||||r|||| 00| 0
007 ta
008 220923b |||||||| |||| 00| 0 eng d
037 _cGeneral Book
040 _aRTL
_cRTL
_beng
041 _2eng
_aeng
082 _aX9(J):60aX62:1.2, GD
110 _aReserve Bank Of India
_942573
245 0 _aMannual on short - term loan for agricultural Duroposes
700 _aReserve Bank Of India
_942574
942 _hX9(J):60aX62:1.2, GD
_cGB
_2CC
999 _c676375
_d676375